000 00627nam a2200241Ia 4500
003 OSt
005 20220918200841.0
006 a|||||r|||| 00| 0
007 ta
008 220917b |||||||| |||| 00| 0 eng d
024 _a90,533
037 _cTextual
040 _aARTS
_cARTS
_beng
041 _2eng
_aeng
082 _aU8:6:N5, H9 (906)
100 _aJoy Charles R
_995771
245 0 _aAfrica of Albert Schweitzer
260 _c1949
650 _aGEOGRAPHY
700 _a Arnold Melvin
_995772
942 _hU8:6:N5, H9 (906)
_cTEXL
_2CC
999 _c214194
_d214194